| 000 | 00874cam a22002775a 4500 | ||
|---|---|---|---|
| 001 | 17528686 | ||
| 005 | 20151104091934.0 | ||
| 008 | 121114t2013 nyua frbd 001 0 eng d | ||
| 020 | _a9780071795708 (pbk. : alk. paper) | ||
| 020 | _a0071795707 | ||
| 040 |
_aDLC _beng _cDLC _dDLC _dEG-ScBUE _dEG-ScBUE |
||
| 082 | 0 | 4 |
_a005.8 _bMAI _222 |
| 100 | 1 |
_aMaiwald, Eric. _938664 |
|
| 245 | 1 | 0 |
_aNetwork security : _ba beginner's guide / _cEric Maiwald. |
| 250 | _a3rd ed. | ||
| 260 |
_aNew York : _bMcGraw-Hill, _cc.2013. |
||
| 300 |
_axxii, 311 p. : _bill. ; _c24 cm. |
||
| 500 | _aIndex : p. 293-311. | ||
| 500 | _aGlossary : p. 280-292. | ||
| 504 | _aIncludes bibliographical references. | ||
| 650 | 0 |
_aComputer networks _xSecurity measures. _2BUEsh |
|
| 650 | 0 |
_aComputer security. _2BUEsh |
|
| 651 | _2BUEsh | ||
| 653 |
_bCOMSCI _cJune2015 _cNovember2015 |
||
| 942 | _2ddc | ||
| 999 |
_c19947 _d19919 |
||